منتخب افسانے : (Record no. 108600)

MARC details
000 -LEADER
fixed length control field 00771nam a22002417a 4500
005 - DATE AND TIME OF LATEST TRANSACTION
control field 20200121152626.0
010 ## - LCCN (DPL NO)
LC control number A-354090
020 ## - INTERNATIONAL STANDARD BOOK NUMBER
Terms of availability 40.00
035 ## - SYSTEM CONTROL NUMBER
System control number A-354090
037 ## - SOURCE OF ACQUISITION
Source of stock number/acquisition Cen Lib/Ret
082 ## - DEWEY DECIMAL CLASSIFICATION NUMBER
Classification number ک
245 ## - TITLE STATEMENT
Title منتخب افسانے :
Statement of responsibility, etc مرتب - نند کشور وکرم
Remainder of title ١٩٨٦-٨٧ /
246 ## - VARYING FORM OF TITLE
Title proper/short title Muntakhab Afsane /
Remainder of title edited by Nand Kishore Vikram
260 ## - PUBLICATION, DISTRIBUTION, ETC. (IMPRINT)
Place of publication, distribution, etc دہلی
Name of publisher, distributor, etc پبلشرز اینڈ ادویتیسرس
Date of publication, distribution, etc 1988 ء
270 ## - ADDRESS
City دہلی
Address J-6، کرشن نگر
Postal code 110051
300 ## - PHYSICAL DESCRIPTION
Extent 160p.:
Dimensions 21cm(Hb)
Other physical details ill.
650 ## - SUBJECT ADDED ENTRY--TOPICAL TERM
Topical term or geographic name as entry element ادب -- اردو
650 ## - SUBJECT ADDED ENTRY--TOPICAL TERM
Topical term or geographic name as entry element اردو نظم
650 ## - SUBJECT ADDED ENTRY--TOPICAL TERM
Topical term or geographic name as entry element Urdu literature
650 ## - SUBJECT ADDED ENTRY--TOPICAL TERM
Topical term or geographic name as entry element Urdu poetry
700 ## - ADDED ENTRY--PERSONAL NAME
Personal name نند کشور وکرم
9 (RLIN) 127781
942 ## - ADDED ENTRY ELEMENTS (KOHA)
Source of classification or shelving scheme Dewey Decimal Classification
Item type Urdu Bks
Classification part ک
Call number suffix ن ن د
Holdings
Withdrawn status Lost status Not for loan Home library Current library Date acquired Source of acquisition Cost, normal purchase price Full call number Barcode Copy number Cost, replacement price Koha item type
      Central Library Central Library 23/01/2016 Cen Lib/Ret 40.00 ک ن ن د A-354090 1 40.00 Urdu Bks

© Delhi Public Library
Hit Counter
free hit counter